| 000 | 00350nam a22001337a 4500 | ||
|---|---|---|---|
| 020 | _a81-86247-22-X | ||
| 041 | _aENG | ||
| 100 | _aWilliams.J.T | ||
| 245 | _aInventory Techniques and Assessment of Rattan and Bamboo in Tropical Forests ( Technical Report No.11 ) | ||
| 260 |
_aFrim Dfid UK _bINBAR _c1999 |
||
| 300 | _a96 | ||
| 650 | _aFS | ||
| 856 | _uFS | ||
| 999 |
_c799 _d799 |
||